Datum a čas kvízu

18 Celkem bodů Celkový počet nahraných bodů na tomto kvízu bez doplňovacích otázek.
12. Pořadí na kvízu Konečné umístění týmu na tomto kvízu.

Zaznamenané odpovědi

# Otázka Odpověď Body Výsledky
1. Jak se jmenuje tento muž, kter... Vladimír Balaš 0
2. Minulý týden vyšla zpráva o to... D) papoušky 1
3. Historickým městem roku 2022 s... Vysoké Mýto 0
4. Japonská společnost Sega oznám... Angry Birds 0
5. Ve které evropské metropoli se... v Londýně 1
6. O slovanských bozích a mýtech... Perun, Mokoš/Mokoša/Makoša 0
7. Níže zobrazený český lékař a b... Jan Evangelista Purkyně, Živa 0
8. Na kresbě níže je zachycena mý... Kostěj 0
9. Seřaďte tyto slovanské svátky... 1B 2A 3D 4C 1
10. Ve fantasy románu Američtí ___... Američtí bohové, Neil Gaiman 0